00799nam a2200169Ia 4500008004100000020001800041041000800059082001800067100001700085245028700102250000600389260003900395300001000434650003400444999001900478952013200497210716s2016 xx 000 0 und d a9781785884870 aeng a005.1372 TOOD aToomay, Dan. aLearning jupyter: learn how to write code mathematics graphics and output all in a single document as well as in a web browser using product jupyter.bLearn how to write code mathematics graphics and output all in a single document as well as in a web browser using product jupyter. a1 aMumbaibPackt Publishing Ltdc2016 av,224 aProgramming Languages(005.13) c196621d196621 001040708MCAaAIMITbAIMITeKnowledge Worldg799.00l0o005.1372 TOODpMCA16136r2026-05-23 00:00:00v599.25w2021-07-16yBK